000 00286nam a2200121Ia 4500
005 20251222140112.0
008 251222s1900||||xx |||||||||||||| ||spa||
082 _a129/P25
100 _aPapp, Desiderio
245 0 _a¿A Dónde va el Género Humano?:
264 _bPleamar
942 _cLIB
999 _c4348
_d4348